Язык внешности. Жесты, мимика, черты лица, почерк и одежда

التفاصيل البيبلوغرافية
المؤلف الرئيسي: Степанов С. С. Сергей Сергеевич
اللغة:الروسية
منشور في: Москва, ЭКСМО-Пресс, 2001
سلاسل:Психологический бестселлер
الموضوعات:
التنسيق: كتاب
KOHA link:https://koha.lib.tpu.ru/cgi-bin/koha/opac-detail.pl?biblionumber=26769

MARC

LEADER 00000nam0a2200000 4500
001 26769
005 20231030201802.0
010 |a 5040056842 
035 |a (RuTPU)RU\TPU\book\27013 
035 |a BOOK00027088 
090 |a 26769 
100 |a 20011209d2001 k y0rusy50 ca 
101 0 |a rus 
102 |a RU 
105 |a y z 001zy 
200 1 |a Язык внешности. Жесты, мимика, черты лица, почерк и одежда  |f С. Степанов 
210 |a Москва  |c ЭКСМО-Пресс  |d 2001 
215 |a 416 с. 
225 1 |a Психологический бестселлер 
320 |a Библиогр.: с. 412-415. 
510 1 |a Искусство видеть человека насквозь, ориентируясь на тончайшие нюансы его облика 
610 1 |a психология 
610 1 |a социальная психология 
610 1 |a общение 
610 1 |a влияние 
610 1 |a личность 
610 1 |a невербальные коммуникации 
610 1 |a жесты 
610 1 |a мимика 
610 1 |a черты лица 
610 1 |a почерк 
610 1 |a одежда 
686 |a Ю953  |v LBC/SL-A  |2 rubbk 
700 1 |a Степанов  |b С. С.  |g Сергей Сергеевич 
801 0 |a RU  |b 63413507  |c 20011209  |g PSBO 
801 2 |a RU  |b 63413507  |c 20120521  |g PSBO 
900 |a Основы физиогномики и кинесики 
942 |c BK